|
|
|
|
| LEADER |
02037nam a2200445 i 4500 |
| 001 |
EBC4512626 |
| 003 |
MiAaPQ |
| 005 |
20200520144314.0 |
| 006 |
m o d | |
| 007 |
cr cnu|||||||| |
| 008 |
160524t20162016si ao ob 000 0 eng d |
| 020 |
|
|
|z 9789811005657
|
| 020 |
|
|
|a 9789811005664 (e-book)
|
| 035 |
|
|
|a (MiAaPQ)EBC4512626
|
| 035 |
|
|
|a (Au-PeEL)EBL4512626
|
| 035 |
|
|
|a (CaPaEBR)ebr11208072
|
| 035 |
|
|
|a (CaONFJC)MIL917218
|
| 035 |
|
|
|a (OCoLC)947488542
|
| 040 |
|
|
|a MiAaPQ
|b eng
|e rda
|e pn
|c MiAaPQ
|d MiAaPQ
|
| 050 |
|
4 |
|a TD195.T48
|b .S878 2016
|
| 082 |
0 |
|
|a 677.00286
|2 23
|
| 245 |
0 |
0 |
|a Sustainable fibres for fashion industry.
|n Volume 2 /
|c Subramanian Senthilkannan Muthu, Miguel Angel Gardetti, editors.
|
| 264 |
|
1 |
|a Singapore :
|b Springer,
|c 2016.
|
| 264 |
|
4 |
|c 2016
|
| 300 |
|
|
|a 1 online resource (153 pages) :
|b illustrations (some color), photographs, tables.
|
| 336 |
|
|
|a text
|2 rdacontent
|
| 337 |
|
|
|a computer
|2 rdamedia
|
| 338 |
|
|
|a online resource
|2 rdacarrier
|
| 490 |
0 |
|
|a Environmental Footprints and Eco-design of Products and Processes,
|x 2345-766X
|
| 504 |
|
|
|a Includes bibliographical references at the end of each chapters.
|
| 588 |
|
|
|a Description based on online resource; title from PDF title page (ebrary, viewed May 25, 2016).
|
| 590 |
|
|
|a Electronic reproduction. Ann Arbor, MI : ProQuest, 2016. Available via World Wide Web. Access may be limited to ProQuest affiliated libraries.
|
| 650 |
|
0 |
|a Textile industry
|x Environmental aspects.
|
| 650 |
|
0 |
|a Clothing trade
|x Environmental aspects.
|
| 655 |
|
4 |
|a Electronic books.
|
| 700 |
1 |
|
|a Muthu, Subramanian Senthilkannan,
|e editor.
|
| 700 |
1 |
|
|a Gardetti, Miguel Angel,
|e editor.
|
| 776 |
0 |
8 |
|i Print version:
|t Sustainable fibres for fashion industry. Volume 2.
|d Singapore : Springer, c2016
|h vii, 146 pages
|k Environmental Footprints and Eco-design of Products and Processes
|z 9789811005657
|
| 797 |
2 |
|
|a ProQuest (Firm)
|
| 856 |
4 |
0 |
|u https://ebookcentral.proquest.com/lib/matrademy/detail.action?docID=4512626
|z Click to View
|